| Tag |
First Indicator |
Second Indicator |
Subfields |
| LEADER |
00000cam a2200000Ia 4500 |
| 001 |
in00002783849 |
| 005 |
20150922144856.0 |
| 008 |
110310s2011 cc a b 001 0 eng d |
| 010 |
|
|
|a 2011920985
|
| 016 |
7 |
|
|a 015805143
|2 Uk
|
| 020 |
|
|
|a 9787040317039 (Higher Education Press0
|
| 020 |
|
|
|a 7040317036 (Higher Education Press0
|
| 020 |
|
|
|a 3642191592 (Springer)
|
| 020 |
|
|
|a 9783642191596 (Springer)
|
| 029 |
1 |
|
|a AU@
|b 000049659446
|
| 035 |
|
|
|a (OCoLC)ocn706784619
|
| 035 |
|
|
|a (OCoLC)706784619
|
| 040 |
|
|
|a YDXCP
|c YDXCP
|d UKMGB
|d BWX
|d CDX
|d NDD
|d YPM
|d TXI
|d UtOrBLW
|
| 049 |
|
|
|a TXAM
|
| 050 |
|
4 |
|a Q172.5.C74
|b C44 2011
|
| 100 |
1 |
|
|a Chen, Chaomei,
|d 1960-
|
| 245 |
1 |
0 |
|a Turning points :
|b the nature of creativity /
|c Chaomei Chen.
|
| 264 |
|
1 |
|a Beiijing :
|b Higher Education Press ;
|a Heidelberg ;
|a New York :
|b Springer,
|c [2011]
|
| 264 |
|
4 |
|c ©2011
|
| 300 |
|
|
|a xvi, 268 pages, 9 unnumbered pages of plates :
|b illustrations ;
|c 25 cm.
|
| 336 |
|
|
|a text
|b txt
|2 rdacontent
|
| 337 |
|
|
|a unmediated
|b n
|2 rdamedia
|
| 338 |
|
|
|a volume
|b nc
|2 rdacarrier
|
| 504 |
|
|
|a Includes bibliographical references and index.
|
| 520 |
|
|
|a Discusses theories and methods focusing on a critical concept of intellectual turning points in the context of critical thinking, scientific discovery, and problem solving in general. This book introduces a novel analytical and experimental system that provides not only new ways for retrospective studies of scientific change but also for characterizing transformative potentials of prospective scientific contributions.
|
| 650 |
|
0 |
|a Creative ability in science.
|
| 650 |
|
0 |
|a Critical thinking.
|
| 650 |
|
0 |
|a Discoveries in science.
|
| 650 |
|
0 |
|a Problem solving.
|
| 938 |
|
|
|a YBP Library Services
|b YANK
|n 3643354
|
| 938 |
|
|
|a Blackwell Book Service
|b BBUS
|n 3643354
|
| 938 |
|
|
|a Coutts Information Services
|b COUT
|n 17155886
|
| 947 |
|
|
|a A14835931796
|
| 945 |
|
|
|a PromptCat
|b 99272
|
| 946 |
|
|
|a stk
|
| 994 |
|
|
|a 92
|b TXA
|
| 948 |
|
|
|a Cataloged
|b h
|c 2012/11/21
|d c
|e EGrant
|
| 999 |
|
|
|a MARS
|
| 999 |
f |
f |
|s bfd2bd3b-1452-3d85-a57c-16c586681815
|i 26cc6b5b-f536-32f0-ab17-3a0c15ca9353
|t 0
|
| 952 |
f |
f |
|p ric
|a Texas A&M University
|b Rellis Campus
|c Joint Library Facility
|d Remote Storage
|t 0
|e Q172.5.C74 C44 2011
|h Library of Congress classification
|i unmediated -- volume
|m A14835931796
|
| 998 |
f |
f |
|a Q172.5.C74 C44 2011
|t 0
|l Remote Storage
|